000 00498ntaaa2200193 4500
003 01
005 20251027202853.0
008 0714s1973 ag 01
020 _a0311138322
040 _aAR-BaBN
_bspa
_cAR-BaBN
_eaacr
_dRIC
082 _a269.1000 B14u
100 _aBaggett, Lee
_929238
245 _aUtilice su casa para evangelizar
250 _a1 ed.
260 _aEl Paso :
_bCasa Bautista de Publicaciones,
_c1978
300 _a30 p
650 _aevangelismo-como ganar almas
942 _cBK
999 _c24073
_d24073